[Event "SWE-chB"]
[Site "Helsingborg"]
[Date "2023.07.02"]
[Round "2"]
[White "Olund, Joar"]
[Black "Crevatin, Leo"]
[Result "1/2-1/2"]
[WhiteElo "2399"]
[BlackElo "2265"]
[PlyCount "87"]
[EventDate "2023.07.01"]
[EventType "tourn"]
[EventRounds "9"]
[EventCountry "SWE"]
[EventCategory "4"]
[SourceTitle "CBM 215 Extra"]
[Source "ChessBase"]
[SourceDate "2023.09.30"]
[SourceVersion "1"]
[SourceVersionDate "2023.09.30"]
[SourceQuality "1"]

1. d4 d5 2. Bf4 Nf6 3. e3 c5 4. c3 Nc6 5. Nd2 Bf5 6. Qb3 Qd7 7. Ngf3 c4 8. Qd1 b5 9. Be2 e6 10. Ne5 Nxe5 11. Bxe5 Ne4 12. a3 a5 13. 0-0 Nxd2 14. Qxd2 Bg6 15. Bd1 f6 16. Bg3 Bd6 17. Bc2 Bxc2 18. Qxc2 Bxg3 19. hxg3 0-0 20. e4 dxe4 21. Qxe4 a4 22. Rfe1 Rfe8 23. Re3 Qd5 24. Rae1 Qxe4 25. Rxe4 Kf7 26. g4 g5 27. g3 Rad8 28. Kg2 h6 29. f4 gxf4 30. gxf4 h5 31. f5 Rg8 32. fxe6+ Ke7 33. Kf3 Rxg4 34. Rxg4 hxg4+ 35. Kxg4 Rd5 36. Kf4 Rh5 37. Re2 Rg5 38. Kf3 Rf5+ 39. Kg4 Rg5+ 40. Kh4 Rd5 41. Kg4 Rg5+ 42. Kf4 Rh5 43. Kf3 Rf5+ 44. Kg4 1/2-1/2

[Event "SWE-ch Blitz"]
[Site "Stockholm"]
[Date "2023.01.01"]
[Round "7"]
[White "Olund, Joar"]
[Black "Rakshitta, Ravi"]
[Result "0-1"]
[WhiteElo "2406"]
[BlackElo "2246"]
[PlyCount "81"]
[EventDate "2023.01.01"]
[EventType "swiss (blitz)"]
[EventRounds "13"]
[EventCountry "SWE"]
[SourceTitle "CBM 211 Extra"]
[Source "ChessBase"]
[SourceDate "2023.01.31"]
[SourceVersion "1"]
[SourceVersionDate "2023.01.31"]
[SourceQuality "1"]

1. d4 Nf6 2. Bg5 e6 3. e4 h6 4. Bxf6 Qxf6 5. c3 d6 6. Bd3 g6 7. Ne2 Bg7 8. 0-0 Qe7 9. f4 Nd7 10. Nd2 0-0 11. Kh1 e5 12. Nf3 exf4 13. Nxf4 Nf6 14. Qc2 c6 15. Rae1 Bg4 16. e5 Nd5 17. Nxd5 cxd5 18. exd6 Qxd6 19. Ne5 Bxe5 20. Rxe5 Rae8 21. Rfe1 Rxe5 22. Rxe5 Kg7 23. h3 Be6 24. Qe2 Re8 25. Kg1 a6 26. Qe3 f6 27. Qg3 Bf7 28. Re3 Qxg3 29. Rxg3 h5 30. Kf2 h4 31. Re3 g5 32. Bf5 b6 33. Rxe8 Bxe8 34. Kf3 Kf8 35. Be6 Bc6 36. Kg4 Ke7 37. Kf5 a5 38. Bc8 Bb5 39. Bb7 Bd3+ 40. Kg4 Be4 41. c4 0-1

[Event "Titled Tuesday intern op 5th May"]
[Site "Chess.com INT"]
[Date "2020.05.05"]
[Round "2"]
[White "Balabayeva, Kseniya"]
[Black "Olund, Joar"]
[Result "1/2-1/2"]
[WhiteElo "2146"]
[BlackElo "2350"]
[PlyCount "172"]
[EventDate "2020.05.05"]
[EventType "swiss (blitz)"]
[EventRounds "10"]
[EventCountry "USA"]
[SourceTitle "EXT 2021"]
[Source "ChessBase"]
[SourceDate "2020.10.23"]
[SourceVersion "1"]
[SourceVersionDate "2020.10.23"]
[SourceQuality "1"]

1. e4 c6 2. d4 d5 3. exd5 cxd5 4. Bd3 Nf6 5. c3 Nc6 6. Bf4 Bg4 7. Qb3 Qc8 8. Nd2 e6 9. Ngf3 Be7 10. 0-0 0-0 11. Rae1 Bf5 12. Bxf5 exf5 13. Ne5 Re8 14. Nxc6 Qxc6 15. Nf3 Nd7 16. Re2 Bf6 17. Rfe1 Rxe2 18. Rxe2 Nb6 19. Qc2 Qd7 20. h3 Nc4 21. Ne5 Bxe5 22. Bxe5 Re8 23. Bf4 Rxe2 24. Qxe2 Qe6 25. Qxe6 fxe6 26. b3 Na5 27. Kf1 Nc6 28. Ke2 b5 29. Kd3 a6 30. Bd6 Kf7 31. g3 Ke8 32. Bf4 Ke7 33. Bc7 Kd7 34. Bf4 Ke7 35. h4 a5 36. f3 a4 37. g4 axb3 38. axb3 Na5 39. Kc2 Nc6 40. Kd3 Na5 41. Kc2 Kf6 42. Be5+ Kg6 43. Bf4 fxg4 44. fxg4 h5 45. gxh5+ Kxh5 46. Bg5 Kg4 47. Be7 Nc6 48. Bg5 e5 49. dxe5 Nxe5 50. Be7 Ng6 51. Bd8 Nxh4 52. Kd3 Nf5 53. c4 bxc4+ 54. bxc4 dxc4+ 55. Kxc4 Nh6 56. Kd5 Kf5 57. Bh4 Ng8 58. Kd4 Nf6 59. Ke3 Kg4 60. Be1 g5 61. Kf2 Kf5 62. Kg2 Nd5 63. Bg3 Nf4+ 64. Kf3 Ne6 65. Kf2 Nf8 66. Kg2 Nh7 67. Kf2 Nf6 68. Kf3 Nd5 69. Kg2 Ne7 70. Kf3 Nc6 71. Kf2 Na5 72. Kg2 Nb3 73. Kf3 Nc5 74. Kf2 Ne6 75. Kg2 Kg4 76. Bh2 Nf4+ 77. Bxf4 Kxf4 78. Kf2 Kg4 79. Kg2 Kh4 80. Kh2 g4 81. Kg2 g3 82. Kg1 Kg4 83. Kg2 Kf4 84. Kg1 Kf3 85. Kf1 g2+ 86. Kg1 Kg3 1/2-1/2

[Event "Titled Tuesday intern op 28th Apr"]
[Site "Chess.com INT"]
[Date "2020.04.28"]
[Round "9"]
[White "Olund, Joar"]
[Black "Brankovic, Dusan"]
[Result "1-0"]
[WhiteElo "2350"]
[BlackElo "2111"]
[PlyCount "85"]
[EventDate "2020.04.28"]
[EventType "swiss (blitz)"]
[EventRounds "10"]
[EventCountry "USA"]
[SourceTitle "EXT 2021"]
[Source "ChessBase"]
[SourceDate "2020.10.23"]
[SourceVersion "1"]
[SourceVersionDate "2020.10.23"]
[SourceQuality "1"]

1. d4 Nf6 2. Bg5 Ne4 3. Bf4 d5 4. Nd2 Bf5 5. e3 e6 6. Bd3 Bg6 7. Ne2 Nd6 8. Nf3 Nd7 9. h4 Bxd3 10. cxd3 h5 11. Ng5 Be7 12. Ng3 g6 13. Qf3 Bf6 14. e4 dxe4 15. N3xe4 Nxe4 16. dxe4 Qe7 17. 0-0 c6 18. e5 Bg7 19. Ne4 0-0 20. Bg5 Qb4 21. Rfd1 Nb6 22. g4 hxg4 23. Qxg4 Nd5 24. h5 Kh7 25. Bf6 Nxf6 26. hxg6+ fxg6 27. Ng5+ Kh8 28. exf6 Rxf6 29. Nxe6 Qd6 30. Ng5 Rd8 31. Ne4 Qe6 32. Nxf6 Qxf6 33. Kg2 Rd5 34. Qc8+ Bf8 35. Rh1+ Kg8 36. Qh3 Rh5 37. Qe3 Rg5+ 38. Kf1 Rf5 39. Qg3 Bd6 40. Qg2 Qxd4 41. Rh3 Qf6 42. Ke2 Bc5 43. Rc3 1-0

[Event "Titled Tuesday intern op 21st April"]
[Site "Chess.com INT"]
[Date "2020.04.21"]
[Round "7"]
[White "Najdin, Danil"]
[Black "Olund, Joar"]
[Result "1-0"]
[WhiteElo "2285"]
[BlackElo "2350"]
[PlyCount "77"]
[EventDate "2020.04.21"]
[EventType "swiss (blitz)"]
[EventRounds "10"]
[EventCountry "USA"]
[SourceTitle "EXT 2021"]
[Source "ChessBase"]
[SourceDate "2020.10.23"]
[SourceVersion "1"]
[SourceVersionDate "2020.10.23"]
[SourceQuality "1"]

1. d4 Nf6 2. c4 g6 3. g3 Bg7 4. Bg2 0-0 5. Nc3 d6 6. Nf3 Nc6 7. 0-0 Bf5 8. d5 Na5 9. Nd2 c5 10. e4 Bd7 11. Qc2 a6 12. b3 b5 13. Rb1 Rb8 14. Bb2 e5 15. Ne2 Qc8 16. Nc1 h5 17. Nd3 h4 18. Bc3 Nb7 19. f4 hxg3 20. hxg3 Ng4 21. Rbe1 f6 22. Nf3 Qe8 23. Nh4 Nd8 24. Ba5 Nb7 25. Bc3 Nd8 26. Bh3 Kh7 27. f5 gxf5 28. Nxf5 Bxf5 29. Rxf5 Nh6 30. Qh2 Ndf7 31. Rh5 bxc4 32. bxc4 Ng5 33. Bf5+ Kg8 34. Rf1 Qe7 35. Bd2 Rfe8 36. Bxg5 fxg5 37. Rxh6 Bxh6 38. Qxh6 Qg7 39. Be6+ 1-0

[Event "Titled Tuesday intern op 21st April"]
[Site "Chess.com INT"]
[Date "2020.04.21"]
[Round "6"]
[White "Olund, Joar"]
[Black "Bodi, Tibor"]
[Result "1-0"]
[WhiteElo "2350"]
[BlackElo "2343"]
[PlyCount "99"]
[EventDate "2020.04.21"]
[EventType "swiss (blitz)"]
[EventRounds "10"]
[EventCountry "USA"]
[SourceTitle "EXT 2021"]
[Source "ChessBase"]
[SourceDate "2020.10.23"]
[SourceVersion "1"]
[SourceVersionDate "2020.10.23"]
[SourceQuality "1"]

1. d4 Nf6 2. Bg5 e6 3. e4 h6 4. Bxf6 Qxf6 5. c3 d5 6. Nd2 c6 7. Bd3 g6 8. Ne2 Bg7 9. 0-0 0-0 10. f4 Nd7 11. e5 Qe7 12. g4 Qh4 13. Ng3 c5 14. Kg2 cxd4 15. cxd4 f5 16. h3 Kh8 17. Nf3 Qe7 18. g5 h5 19. Nh4 Qe8 20. Nxh5 gxh5 21. g6 Bh6 22. Qxh5 Kg7 23. Bxf5 exf5 24. Nxf5+ Rxf5 25. Qxf5 Qxg6+ 26. Qxg6+ Kxg6 27. f5+ Kg7 28. Rae1 Nf8 29. e6 Bg5 30. e7 Bxe7 31. Rxe7+ Kf6 32. Re5 Bd7 33. Rc1 Re8 34. Rxe8 Bxe8 35. Rc8 Kf7 36. Kg3 Bc6 37. Kf4 Nd7 38. h4 Nf6 39. Rc7+ Kg8 40. Ke5 Ng4+ 41. Ke6 a6 42. f6 Nh6 43. Rc8+ Kh7 44. Rc7+ Kg6 45. Rg7+ Kh5 46. Rh7 Kg6 47. Rxh6+ Kxh6 48. f7 Kg7 49. Ke7 Kg6 50. f8Q 1-0

[Event "Titled Tuesday intern op 3rd March"]
[Site "Chess.com INT"]
[Date "2020.03.03"]
[Round "9"]
[White "De Abreu, Roberto N"]
[Black "Olund, Joar"]
[Result "1-0"]
[WhiteElo "2181"]
[BlackElo "2350"]
[PlyCount "99"]
[EventDate "2020.03.03"]
[EventType "swiss (blitz)"]
[EventRounds "10"]
[EventCountry "USA"]
[SourceTitle "EXT 2021"]
[Source "ChessBase"]
[SourceDate "2020.10.23"]
[SourceVersion "1"]
[SourceVersionDate "2020.10.23"]
[SourceQuality "1"]

1. g3 g6 2. Bg2 Bg7 3. d4 d6 4. Nf3 Nf6 5. 0-0 0-0 6. Re1 Nc6 7. e4 e5 8. Nc3 Bg4 9. d5 Nd4 10. h3 Nxf3+ 11. Bxf3 Bxh3 12. Bg5 Bd7 13. Qd2 Qc8 14. a4 a6 15. a5 Ng4 16. Kg2 f6 17. Be3 Nxe3+ 18. Qxe3 Bh3+ 19. Kh2 f5 20. exf5 Qxf5 21. Be4 Qh5 22. Rh1 Bh6 23. Qe1 Bg4+ 24. Kg2 Qg5 25. f3 Bf5 26. Ra4 Bg7 27. Bxf5 gxf5 28. Rah4 h6 29. Rh5 Qg6 30. Qd2 e4 31. Ne2 exf3+ 32. Kxf3 Qg4+ 33. Kg2 Rae8 34. Nf4 Re4 35. R1h4 Rxf4 36. Qxf4 Qxf4 37. Rxf4 Kf7 38. Rfxf5+ Ke7 39. Rxf8 Kxf8 40. c3 Kf7 41. Kf3 Kg6 42. g4 Be5 43. Ke4 c6 44. dxc6 bxc6 45. Kd3 Bf6 46. Kc4 d5+ 47. Kc5 Bd8 48. Kxc6 Bxa5 49. Kb7 Bd8 50. Rxd5 1-0

[Event "Titled Tuesday intern op1 3rd March  "]
[Site "Chess.com INT"]
[Date "2020.03.03"]
[Round "4"]
[White "Olund, Joar"]
[Black "Kotepalli, Sai Nirupama"]
[Result "1/2-1/2"]
[WhiteElo "2350"]
[BlackElo "1914"]
[PlyCount "225"]
[EventDate "2020.03.03"]
[EventType "swiss (blitz)"]
[EventRounds "10"]
[EventCountry "USA"]
[SourceTitle "EXT 2021"]
[Source "ChessBase"]
[SourceDate "2020.10.23"]
[SourceVersion "1"]
[SourceVersionDate "2020.10.23"]
[SourceQuality "1"]

1. d4 Nf6 2. Bg5 g6 3. Bxf6 exf6 4. c4 Bg7 5. Nc3 0-0 6. g3 c6 7. Bg2 d6 8. e3 Re8 9. Nge2 Nd7 10. 0-0 Nb6 11. Qd3 Be6 12. d5 cxd5 13. Nxd5 Nxd5 14. Bxd5 Qb6 15. b3 Bxd5 16. Qxd5 Rad8 17. Rad1 Re5 18. Qd2 f5 19. Nf4 Qa6 20. Nd5 h5 21. h4 b6 22. a4 Qb7 23. Qb4 Re4 24. Nf4 Qe7 25. Rd5 Re5 26. Rfd1 Rxd5 27. Rxd5 Be5 28. Nd3 Bg7 29. Nf4 Be5 30. Qd2 Bxf4 31. exf4 Qe4 32. Qd3 Qe6 33. b4 Qe1+ 34. Kg2 Qxb4 35. a5 Kf8 36. Rb5 Qe1 37. axb6 axb6 38. Rxb6 Qe4+ 39. Qxe4 fxe4 40. Kf1 Ke7 41. Ke2 d5 42. cxd5 Rxd5 43. Ke3 Rd1 44. Kxe4 Re1+ 45. Kf3 Ra1 46. Rb5 Ra3+ 47. Kg2 Kf6 48. Rb6+ Kf5 49. Rb5+ Kf6 50. Rb6+ Kf5 51. Rb8 Kf6 52. Kg1 Kf5 53. Rb5+ Kf6 54. Kf1 Ra2 55. Rg5 Rb2 56. Kg2 Ra2 57. f5 Rb2 58. fxg6 fxg6 59. Rc5 Ra2 60. Rc6+ Kg7 61. Rc4 Rb2 62. Rf4 Kh6 63. Rf3 Ra2 64. Rf4 Rb2 65. Kf3 Rb3+ 66. Ke4 Rb2 67. Ke5 Rb5+ 68. Ke6 Rb6+ 69. Kd7 Kh7 70. Kc7 Rb2 71. Kc6 Kg7 72. Kc5 Rc2+ 73. Kd4 Ra2 74. Ke3 Ra1 75. Kf3 Ra3+ 76. Kg2 Rb3 77. Rf3 Rb2 78. Re3 Ra2 79. Kf3 Rb2 80. Re2 Rb3+ 81. Kg2 Rb7 82. f3 Rf7 83. Rf2 Re7 84. Kf1 Rf7 85. Ke2 Re7+ 86. Kd3 Ra7 87. Ke4 Ra4+ 88. Ke3 Ra5 89. Ke2 Ra2+ 90. Kf1 Ra1+ 91. Kg2 Kf6 92. f4 Kf5 93. Rc2 Ra3 94. Rc5+ Kf6 95. Kh3 Rb3 96. Rg5 Rc3 97. Kh2 Rc2+ 98. Kh3 Rc3 99. f5 gxf5 100. Rxh5 f4 101. Rg5 fxg3 102. Rxg3 Rxg3+ 103. Kxg3 Kg6 104. Kg4 Kh6 105. h5 Kh7 106. Kg5 Kh8 107. h6 Kg8 108. Kh5 Kh8 109. Kg6 Kg8 110. Kg5 Kh8 111. Kh5 Kg8 112. Kg6 Kh8 113. h7 1/2-1/2

[Event "Titled Tuesday intern op1 3rd March  "]
[Site "Chess.com INT"]
[Date "2020.03.03"]
[Round "7"]
[White "Perera Alfonso, Rene Humberto"]
[Black "Olund, Joar"]
[Result "0-1"]
[WhiteElo "2354"]
[BlackElo "2350"]
[PlyCount "52"]
[EventDate "2020.03.03"]
[EventType "swiss (blitz)"]
[EventRounds "10"]
[EventCountry "USA"]
[SourceTitle "EXT 2021"]
[Source "ChessBase"]
[SourceDate "2020.10.23"]
[SourceVersion "1"]
[SourceVersionDate "2020.10.23"]
[SourceQuality "1"]

1. e4 g6 2. d4 Bg7 3. Nc3 d6 4. f4 a6 5. Be3 b5 6. Bd3 Nd7 7. Nf3 Bb7 8. 0-0 Rc8 9. Kh1 c5 10. dxc5 Nxc5 11. Bd4 Nf6 12. e5 dxe5 13. Bxe5 Nxd3 14. cxd3 0-0 15. d4 Nd5 16. Nxd5 Qxd5 17. Bxg7 Kxg7 18. Re1 e6 19. Qe2 Rc4 20. b3 Rc3 21. Rac1 Rfc8 22. Qd2 Rxf3 23. gxf3 Qxf3+ 24. Kg1 Qh1+ 25. Kf2 Qxh2+ 26. Ke3 Qg3+ 0-1

[Event "Vaxjo op"]
[Site "Vaxjo"]
[Date "2020.02.07"]
[Round "3"]
[White "Nilsson, Joel"]
[Black "Olund, Joar"]
[Result "1/2-1/2"]
[WhiteElo "1958"]
[BlackElo "2325"]
[PlyCount "105"]
[EventDate "2020.02.07"]
[EventType "swiss"]
[EventRounds "8"]
[EventCountry "SWE"]
[SourceTitle "CBM 194 Extra"]
[Source "ChessBase"]
[SourceDate "2020.03.31"]
[SourceVersion "1"]
[SourceVersionDate "2020.03.31"]
[SourceQuality "1"]

1. d4 d5 2. c4 dxc4 3. e3 Nf6 4. Bxc4 e6 5. Nf3 a6 6. a4 c5 7. 0-0 Be7 8. Nc3 0-0 9. Qc2 cxd4 10. Nxd4 Qc7 11. Be2 Bd7 12. Bf3 Nc6 13. Rd1 Ne5 14. Be2 Rac8 15. Qb3 Nc6 16. Bf3 Na5 17. Qc2 Nc4 18. Ne4 Nd5 19. Bd2 Nxd2 20. Qxd2 Bb4 21. Qd3 Qc4 22. Be2 Qxd3 23. Bxd3 Rfd8 24. Nd2 Bxd2 25. Rxd2 Nb4 26. Be4 Rb8 27. b3 Rdc8 28. Rad1 Be8 29. Kf1 Kf8 30. Ke2 h6 31. h4 Ke7 32. g4 Rc7 33. g5 Rbc8 34. f4 b5 35. axb5 Bxb5+ 36. Nxb5 axb5 37. Rd4 Na2 38. Kf2 Nc3 39. Ra1 e5 40. fxe5 Ke6 41. gxh6 Kxe5 42. Bd3 gxh6 43. Rb4 Rd8 44. Bf1 Ne4+ 45. Kg1 Rg8+ 46. Kh1 Nf2+ 47. Kh2 Ng4+ 48. Kh3 Nf2+ 49. Kh2 Ng4+ 50. Kh3 Nf2+ 51. Kh2 Ng4+ 52. Kh3 Nf2+ 53. Kh2 1/2-1/2

[Event "Titled Tuesday intern op 7th Januar"]
[Site "Chess.com INT"]
[Date "2020.01.07"]
[Round "4"]
[White "Olund, Joar"]
[Black "Valderrama Quiceno, Esteban Alberto"]
[Result "0-1"]
[WhiteElo "2322"]
[BlackElo "2429"]
[PlyCount "64"]
[EventDate "2020.01.07"]
[EventType "swiss (blitz)"]
[EventRounds "10"]
[EventCountry "USA"]
[SourceTitle "EXT 2021"]
[Source "ChessBase"]
[SourceDate "2020.10.23"]
[SourceVersion "1"]
[SourceVersionDate "2020.10.23"]
[SourceQuality "1"]

1. d4 Nf6 2. Bg5 c5 3. Bxf6 gxf6 4. d5 Qb6 5. Qc1 f5 6. c4 Bg7 7. Nc3 d6 8. e3 Nd7 9. Nf3 0-0 10. Qc2 e6 11. Bd3 Ne5 12. Nxe5 dxe5 13. 0-0 e4 14. Be2 Rd8 15. Rad1 Qa5 16. f3 exf3 17. Rxf3 Bd7 18. Rdf1 Be8 19. e4 fxe4 20. Qxe4 Qb6 21. Bd3 f5 22. Qxe6+ Qxe6 23. dxe6 Bc6 24. Rg3 Kh8 25. Bxf5 Be5 26. Rh3 Rd2 27. Ne4 Rxb2 28. Bxh7 Rd8 29. e7 Rd4 30. Rhf3 Kxh7 31. Rf7+ Kg6 32. Nf2 Kxf7 0-1